Представление документа в формате RUSMARC

ПолеНазваниеЗначение
  Тип записи a
  Библиографический уровень m
001 Контрольный номер f7ba2e1711d045928c60f8615c4b3246
005 Дата корректировки 20260629100417.1
010 Индекс ISBN __
a ISBN 978-5-04-175969-8
b Уточнения в пер.
9 Тираж 7000 экз.
100 Данные общей обработки __
a Данные общей обработки 20260626d2024 am y0rusy028902 ca
101 Язык документа 0_
a Язык текста rus
102 Страна публикации __
a Страна публикации RU
181 Поле кодированных данных: вид содержания _0
a Код вида содержания (ISBD) i
182 Поле кодированных данных: тип средства _0
a Код типа средства (ISBD) n
200 Заглавие и сведения об ответственности 1_
a Заглавие Модный салон феи-крестной
203 Вид содержания и тип средства __
a Вид содержания Текст
c Тип средства непосредственный
210 Выходные данные 1_
d Дата издания 2024
215 Физическое описание __
a Объем 315, [2] с.
d Формат 21 см
c Иллюстрации/тип воспроизводства ил.
330 Аннотация __
a Аннотация Во всём виноваты гномы! Не стоит заключать с ними пари и пить их самогон. Последствия могут быть необратимыми. Вот и Кларисса всего-то проиграла пари, а вынуждена на две недели стать феей. Но кто же мог предположить, что именно с этого начнутся все ее неприятности и полнейший кавардак в жизни. Замуж выскочила. Орков ограбила. В другую страну сбежала. И вот уже она не маг-бытовик, а хозяйка «Модного салона феи-крестной». И питомцы у нее древние. И страна новая. И круг общения задорный… С тех пор, как Кларисса проиграла то злополучное пари, жизнь ее заиграла совершенно новыми красками. Кто бы мог предположить, что обыкновенные веселые посиделки с гномами способны превратить бытового мага из знатного рода некромантов в самую что ни на есть настоящую фею!
333 Примечание о целевом назначении __
a Примечание о целевом назначении 16+. Для детей старше 16 лет
461 Уровень набора _0
1 700 1
a Завойчинская
b М. В.
g Милена Валерьевна
f 1974-
1 2001
a Феями не рождаются
f Милена Завойчинская
v Кн. 1
1 2101
d 2024
a Москва
c Эксмо
1 001RU/ГПНТБ России/KNIGADB/84(2Рос=411.2)6/З-13-883921748
1 203
c непосредственный
a Текст
606 Тематические рубрики __
2 Код системы nlr_sh
a Основная рубрика Художественная литература
606 Тематические рубрики __
2 Код системы nlr_sh
a Основная рубрика Современная русская литература (произведения)
610 Ключевые слова 0_
a Ключевые слова русская литература
610 Ключевые слова 0_
a Ключевые слова современная проза
610 Ключевые слова 0_
a Ключевые слова фэнтези
610 Ключевые слова 0_
a Ключевые слова юмористическое фэнтези
610 Ключевые слова 0_
a Ключевые слова городское фэнтези
610 Ключевые слова 0_
a Ключевые слова приключенческое фэнтези
610 Ключевые слова 0_
a Ключевые слова фэнтезийные романы
610 Ключевые слова 0_
a Ключевые слова любовное фэнтези
610 Ключевые слова 0_
a Ключевые слова молодежное фэнтези
610 Ключевые слова 0_
a Ключевые слова магическое фэнтези
610 Ключевые слова 0_
a Ключевые слова тема магии
610 Ключевые слова 0_
a Ключевые слова волшебные существа
610 Ключевые слова 0_
a Ключевые слова феи
610 Ключевые слова 0_
a Ключевые слова тема фей
610 Ключевые слова 0_
a Ключевые слова женская проза
686 Индексы других классификаций __
2 Код системы rubbks
a Классификационный индекс 84(2=411.2)6-445
801 Источник записи _0
a Страна RU
b Организация Муниципальное бюджетное учреждение культуры "Централизованная библиотечная система" г. Сургут (Центральная городская библиотека им. А. С. Пушкина)
c Дата составления 20260626
g Правила каталогизации PSBO
801 Источник записи _1
a Страна RU
b Организация Муниципальное бюджетное учреждение культуры "Централизованная библиотечная система" г. Сургут (Центральная городская библиотека им. А. С. Пушкина)
c Дата составления 20260626
g Правила каталогизации PSBO
852 Данные о местонахождении __
i Авторский знак З-13
j Шифр хранения 84(2=411.2)6-445
901 Тип документа __
t Тип документа n
w Контрольный № источника RU/ГПНТБ России/KNIGADB/84(2Рос=411.2)6/З-13-883921748
a Ответственный ООФиК/Губина
901 Тип документа __
a Ответственный без партии
903 Характеристики (МАРС) __
c Наименование библиотеки (МАРС) Муниципальное бюджетное учреждение культуры "Централизованная библиотечная система" г. Сургут (Центральная городская библиотека им. А. С. Пушкина)
a Дата передачи 20260626